Essentials of Management (Record no. 11908)

MARC details
000 -LEADER
fixed length control field 00444nam a22001937a 4500
003 - CONTROL NUMBER IDENTIFIER
control field OSt
008 - FIXED-LENGTH DATA ELEMENTS--GENERAL INFORMATION
fixed length control field 230327b |||||||| |||| 00| 0 eng d
020 ## - INTERNATIONAL STANDARD BOOK NUMBER
International Standard Book Number 9789353168148
082 ## - DEWEY DECIMAL CLASSIFICATION NUMBER
Classification number 658 KOE
100 ## - MAIN ENTRY--PERSONAL NAME
Personal name KOONTZ,Harold
245 ## - TITLE STATEMENT
Title Essentials of Management
250 ## - EDITION STATEMENT
Edition statement 11th Ed
260 ## - PUBLICATION, DISTRIBUTION, ETC. (IMPRINT)
Place of publication, distribution, etc New Delhi
Name of publisher, distributor, etc TMH
Date of publication, distribution, etc 2022
300 ## - PHYSICAL DESCRIPTION
Extent 590
650 ## - SUBJECT ADDED ENTRY--TOPICAL TERM
Topical term or geographic name as entry element Management
700 ## - ADDED ENTRY--PERSONAL NAME
Personal name WEIHRICH,Heinz
700 ## - ADDED ENTRY--PERSONAL NAME
Personal name CANNICE,Mark V
942 ## - ADDED ENTRY ELEMENTS (KOHA)
Source of classification or shelving scheme Dewey Decimal Classification
Koha item type Reference Books
Holdings
Withdrawn status Lost status Source of classification or shelving scheme Damaged status Not for loan Collection code Home library Current library Date acquired Source of acquisition Currency Cost, normal purchase price Bill Number Total Checkouts Full call number Acc. no. / Barcode Date last seen Date last borrowed Actual Cost, discounted price Bill Date Koha item type
    Dewey Decimal Classification     MBA PIET C-LIBRARY PIET C-LIBRARY 15/03/2023 International Book Centre In Rupees 845.00 IB/IN/1299 1 658 KOE 34754 27/11/2024 21/08/2024 591.50 15/03/2023 Text Books

Design & Developed by: PIET Central Library
R70 Miles Stone Pattikalyana Samalkha Panipat 132102
mail ID :- [email protected], Phone No:- 0180-2569700 Ex.216